UM Logo

Visual basic 6: (Record no. 4448)

MARC details
000 -LEADER
fixed length control field 00729nam a2200205 4500
008 - FIXED-LENGTH DATA ELEMENTS--GENERAL INFORMATION
fixed length control field 160910b xxu||||| |||| 00| 0 eng d
020 ## - INTERNATIONAL STANDARD BOOK NUMBER
International Standard Book Number 9-81405819-X
082 ## - DEWEY DECIMAL CLASSIFICATION NUMBER
Edition number 2001
Classification number DC 005.1
Item number D35c
100 ## - MAIN ENTRY--PERSONAL NAME
9 (RLIN) 14344
Personal name Deitel, H. M.
245 ## - TITLE STATEMENT
Title Visual basic 6:
Remainder of title how to program/
Statement of responsibility, etc. H. M. Dietel, P. J. Deitel and T. R. Nieto.
260 ## - PUBLICATION, DISTRIBUTION, ETC. (IMPRINT)
Place of publication, distribution, etc. New Jersey:
Name of publisher, distributor, etc. Prentice Hall,
Date of publication, distribution, etc. c2001.
300 ## - PHYSICAL DESCRIPTION
Extent Li, 1015 pages:
Other physical details illustrations;
Dimensions 21 cm.
500 ## - GENERAL NOTE
General note Includes bibliographical references and index.<br/>
650 #0 - SUBJECT ADDED ENTRY--TOPICAL TERM
9 (RLIN) 14345
Topical term or geographic name as entry element Microsoft visual BASIC
650 #0 - SUBJECT ADDED ENTRY--TOPICAL TERM
9 (RLIN) 14347
Topical term or geographic name as entry element BASIC (Computer program language)
700 ## - ADDED ENTRY--PERSONAL NAME
9 (RLIN) 14348
Personal name Deitel, P. J.
Relator term Author
700 ## - ADDED ENTRY--PERSONAL NAME
9 (RLIN) 14349
Personal name Nieto, T. R.
Relator term Author
365 ## - TRADE PRICE
Price type code Php
Price amount 525.00
942 ## - ADDED ENTRY ELEMENTS (KOHA)
Source of classification or shelving scheme Dewey Decimal Classification
Koha item type Circulation
Holdings
Withdrawn status Lost status Source of classification or shelving scheme Damaged status Not for loan Collection code Home library Current library Date acquired Total Checkouts Full call number Barcode Date last seen Price effective from Koha item type
    Dewey Decimal Classification     Circulation UM Digos College - LIC UM Digos College - LIC 09/10/2016   DC 005.1 D35c 2001 18198 05/15/2025 09/10/2016 Circulation